000 00758nam a2200289Ia 4500
005 20260324132054.0
008 008 260324s9999 xx 000 0 eng d
020 _a9781315249223
037 _aEBOOK
040 _aCRL
040 _beng
040 _cCRL
041 _2eng
041 _aeng
084 _qCRL
100 _aPatricia F. O'Grady
_91119249
245 0 _aMeet the Philosophers of Ancient Greece
245 0 _bEverything You Always Wanted to Know About Ancient Greek Philosophy but didn't Know Who to Ask
260 _bTaylor and Francis
260 _c2005
365 _a
365 _b195
856 _uhttp://www.taylorfrancis.com/books/9781315249223
942 _cEBOOK
999 _c1785656
_d1785656